000 00823nam0a22002411 4500
001 rc\2655689
005 20260405110212.0
035 _a(NLR Aleph) 006962953
090 _a5363034
_c5363034
100 _a20110622d1929 |||y0rusy50 ca
101 0 _arus
102 _aRU
105 _ay z |||||
200 1 _aТабак
_eРассказы
_fБ. Левин
210 _aМосква
_cакц. изд. о-во "Огонек"
_d1929
_gтипо-литогр. "Огонек"
215 _a42, [2] с.
_d15×11 см
225 1 _aБиблиотека "Огонек"
_v№ 497
700 1 _8rus
_7ca
_aЛевин
_bБ. М.
_cписатель
_f1898-1940
_gБорис Михайлович
_3RU\NLR\AUTH\7741403
_924351
801 0 _aRU
_bNLR
_gpsbo
801 1 _aRU
_bELAR
_2rusmarc
852 _aNLR
_j49-479(497)
942 _cBOOK
980 _aNB